[Event "English Schools Championship Final 2024"]
[Site "Nottingham University Kings Meadow Campus, United Kingdom"]
[Date "2024.06.28"]
[Round "4.30"]
[White "Puig-Souto, Luca"]
[Black "Subin, Samvrit"]
[Result "0-1"]
[TimeControl "G50' + 10\" per move."]
[WhiteFideId "343448429"]
[BlackFideId "343113726"]
[WhiteElo "1360"]
[BlackElo "1808"]

1. e4 {[%clk 00:50:18]} {[%emt 00:00:02]} c5 {[%clk 00:50:19]} 2. Nc3 {[%clk
00:50:24]} {[%emt 00:00:04]} Nc6 {[%clk 00:50:28]} 3. Bb5 {[%clk 00:50:29]}
{[%emt 00:00:05]} Nd4 {[%clk 00:50:33]} {[%emt 00:00:05]} 4. Nf3 {[%clk
00:50:35]} {[%emt 00:00:04]} a6 {[%clk 00:50:39]} {[%emt 00:00:04]} 5. Bd3
{[%clk 00:50:42]} {[%emt 00:00:03]} g6 {[%clk 00:50:42]} {[%emt 00:00:07]} 6.
O-O {[%clk 00:50:26]} {[%emt 00:00:26]} Bg7 {[%clk 00:50:38]} {[%emt 00:00:14]}
7. Nxd4 {[%clk 00:49:43]} {[%emt 00:00:53]} cxd4 {[%clk 00:50:27]} {[%emt
00:00:21]} 8. Ne2 {[%clk 00:49:47]} {[%emt 00:00:05]} d5 {[%clk 00:48:49]}
{[%emt 00:01:48]} 9. c3 {[%clk 00:46:32]} {[%emt 00:03:25]} dxe4 {[%clk
00:46:36]} {[%emt 00:02:23]} 10. Bxe4 {[%clk 00:44:38]} {[%emt 00:02:05]} d3
{[%clk 00:46:14]} {[%emt 00:00:31]} 11. Nf4 {[%clk 00:43:32]} {[%emt 00:01:15]}
e5 {[%clk 00:45:47]} {[%emt 00:00:39]} 12. Qe1 {[%clk 00:27:00]} {[%emt
00:16:42]} Ne7 {[%clk 00:42:53]} {[%emt 00:03:04]} 13. Nh3 {[%clk 00:20:59]}
{[%emt 00:06:10]} Bxh3 {[%clk 00:34:38]} {[%emt 00:08:25]} 14. gxh3 {[%clk
00:20:50]} {[%emt 00:00:20]} Qd7 {[%clk 00:32:33]} {[%emt 00:02:14]} 15. Qe3
{[%clk 00:19:57]} {[%emt 00:01:03]} f5 {[%clk 00:24:03]} {[%emt 00:08:40]} 16.
Bxd3 {[%clk 00:18:17]} {[%emt 00:01:49]} Nd5 {[%clk 00:23:06]} {[%emt
00:01:08]} 17. Qg3 {[%clk 00:17:03]} {[%emt 00:01:23]} Nf4 {[%clk 00:22:48]}
{[%emt 00:00:29]} 18. Bc4 {[%clk 00:14:26]} {[%emt 00:02:43]} b5 {[%clk
00:22:40]} {[%emt 00:00:21]} 19. Qf3 {[%clk 00:14:04]} {[%emt 00:00:32]} bxc4
{[%clk 00:19:21]} {[%emt 00:03:30]} 20. Qxa8+ {[%clk 00:13:14]} {[%emt
00:01:00]} Kf7 {[%clk 00:18:55]} {[%emt 00:00:36]} 21. Qf3 {[%clk 00:12:21]}
{[%emt 00:01:03]} g5 {[%clk 00:16:49]} {[%emt 00:02:17]} 22. d4 {[%clk
00:11:01]} {[%emt 00:01:28]} e4 {[%clk 00:14:47]} {[%emt 00:02:14]} 23. Qe3
{[%clk 00:10:23]} {[%emt 00:00:46]} Bf8 {[%clk 00:12:25]} {[%emt 00:02:33]} 24.
b3 {[%clk 00:09:42]} {[%emt 00:00:51]} Nd5 {[%clk 00:11:33]} {[%emt 00:01:02]}
25. Qe1 {[%clk 00:08:56]} {[%emt 00:00:55]} Bd6 {[%clk 00:05:55]} {[%emt
00:05:49]} 26. bxc4 {[%clk 00:08:42]} {[%emt 00:00:24]} Nf4 {[%clk 00:06:00]}
{[%emt 00:00:05]} 27. Bxf4 {[%clk 00:08:12]} {[%emt 00:00:40]} Bxf4 {[%clk
00:04:33]} {[%emt 00:01:37]} 28. f3 {[%clk 00:07:57]} {[%emt 00:00:25]} e3
{[%clk 00:03:44]} {[%emt 00:00:59]} 29. Qe2 {[%clk 00:07:36]} {[%emt 00:00:31]}
h5 {[%clk 00:03:46]} {[%emt 00:00:08]} 30. Rab1 {[%clk 00:07:13]} {[%emt
00:00:33]} Qc7 {[%clk 00:03:43]} {[%emt 00:00:13]} 31. c5 {[%clk 00:07:10]}
{[%emt 00:00:13]} g4 {[%clk 00:03:03]} {[%emt 00:00:51]} 32. h4 {[%clk
00:06:38]} {[%emt 00:00:42]} Rg8 {[%clk 00:02:30]} {[%emt 00:00:42]} 33. Kh1
{[%clk 00:06:00]} {[%emt 00:00:48]} Bxh2 {[%clk 00:00:13]} {[%emt 00:02:27]} 34.
Qxh2 {[%clk 00:05:26]} {[%emt 00:00:44]} g3 {[%clk 00:00:14]} {[%emt 00:00:09]}
35. Qg2 {[%clk 00:05:35]} {[%emt 00:00:01]} Qf4 {[%clk 00:00:13]} {[%emt
00:00:11]} 36. Rb7+ {[%clk 00:05:29]} {[%emt 00:00:15]} Ke6 {[%clk 00:00:20]}
{[%emt 00:00:03]} 37. Rb6+ {[%clk 00:05:32]} {[%emt 00:00:07]} Kd7 {[%clk
00:00:29]} 38. Rfb1 {[%clk 00:05:24]} {[%emt 00:00:19]} e2 {[%clk 00:00:14]}
{[%emt 00:00:26]} 39. Rb7+ {[%clk 00:03:13]} {[%emt 00:02:21]} Kc6 {[%clk
00:00:23]} 40. R1b6+ {[%clk 00:02:11]} {[%emt 00:01:12]} Kd5 {[%clk 00:00:29]}
{[%emt 00:00:04]} 41. Qxe2 {[%clk 00:02:02]} {[%emt 00:00:18]} g2+ {[%clk
00:00:19]} {[%emt 00:00:20]} 42. Kg1 {[%clk 00:02:05]} {[%emt 00:00:08]} Qc1+
{[%clk 00:00:26]} {[%emt 00:00:03]} 0-1

[Event "English Schools Championship Final 2024"]
[Site "Nottingham University Kings Meadow Campus, United Kingdom"]
[Date "2024.06.28"]
[Round "4.31"]
[White "Zhu, Pengxiao"]
[Black "Fung, Marcus"]
[Result "1-0"]
[TimeControl "G50' + 10\" per move."]
[WhiteFideId "499307"]
[BlackFideId "343413269"]
[WhiteElo "2126"]
[BlackElo "1739"]

1. d4 {[%clk 00:50:15]} {[%emt 00:00:02]} g6 {[%clk 00:50:18]} {[%emt
00:00:05]} 2. c4 {[%clk 00:50:13]} {[%emt 00:00:12]} Bg7 {[%clk 00:50:18]}
{[%emt 00:00:09]} 3. e4 {[%clk 00:50:17]} {[%emt 00:00:07]} d6 {[%clk
00:50:20]} {[%emt 00:00:08]} 4. Nc3 {[%clk 00:50:22]} {[%emt 00:00:05]} Nf6
{[%clk 00:50:16]} {[%emt 00:00:14]} 5. Nge2 {[%clk 00:50:27]} {[%emt 00:00:05]}
Nbd7 {[%clk 00:50:13]} {[%emt 00:00:13]} 6. Ng3 {[%clk 00:50:31]} {[%emt
00:00:06]} c5 {[%clk 00:49:57]} {[%emt 00:00:26]} 7. d5 {[%clk 00:50:35]}
{[%emt 00:00:06]} O-O {[%clk 00:49:34]} {[%emt 00:00:32]} 8. Be2 {[%clk
00:50:39]} {[%emt 00:00:06]} Re8 {[%clk 00:49:14]} {[%emt 00:00:30]} 9. h4
{[%clk 00:50:29]} {[%emt 00:00:20]} h6 {[%clk 00:48:28]} {[%emt 00:00:57]} 10.
Be3 {[%clk 00:49:33]} {[%emt 00:01:06]} Ne5 {[%clk 00:48:20]} {[%emt 00:00:16]}
11. f3 {[%clk 00:47:36]} {[%emt 00:02:09]} Qb6 {[%clk 00:47:12]} {[%emt
00:01:14]} 12. Qd2 {[%clk 00:46:46]} {[%emt 00:01:03]} a6 {[%clk 00:45:09]}
{[%emt 00:02:14]} 13. Bxh6 {[%clk 00:43:28]} {[%emt 00:03:28]} Bxh6 {[%clk
00:40:40]} {[%emt 00:04:38]} 14. Qxh6 {[%clk 00:43:34]} {[%emt 00:00:04]} Qxb2
{[%clk 00:39:55]} {[%emt 00:00:56]} 15. Rc1 {[%clk 00:43:33]} {[%emt 00:00:10]}
Nh7 {[%clk 00:35:50]} {[%emt 00:04:16]} 16. O-O {[%clk 00:41:07]} {[%emt
00:02:35]} e6 {[%clk 00:34:21]} {[%emt 00:01:40]} 17. f4 {[%clk 00:40:25]}
{[%emt 00:00:52]} Nd7 {[%clk 00:32:28]} {[%emt 00:02:02]} 18. f5 {[%clk
00:39:02]} {[%emt 00:01:34]} exf5 {[%clk 00:31:16]} {[%emt 00:01:22]} 19. exf5
{[%clk 00:38:31]} {[%emt 00:00:40]} Ne5 {[%clk 00:27:13]} {[%emt 00:04:14]} 20.
f6 {[%clk 00:36:55]} {[%emt 00:01:46]} Nxf6 {[%clk 00:25:26]} {[%emt 00:01:56]}
21. Rxf6 {[%clk 00:36:57]} {[%emt 00:00:08]} Bg4 {[%clk 00:24:37]} {[%emt
00:01:00]} 22. Rf2 {[%clk 00:34:09]} {[%emt 00:02:57]} Qb6 {[%clk 00:18:35]}
{[%emt 00:06:12]} 23. Nce4 {[%clk 00:34:02]} {[%emt 00:00:17]} f5 {[%clk
00:13:45]} {[%emt 00:05:00]} 24. Nf6+ {[%clk 00:33:59]} {[%emt 00:00:13]} Kf7
{[%clk 00:13:45]} {[%emt 00:00:11]} 25. Qh7+ {[%clk 00:33:38]} {[%emt
00:00:31]} Kxf6 {[%clk 00:13:25]} {[%emt 00:00:30]} 26. Ne4# {[%clk 00:33:32]}
{[%emt 00:00:05]} 1-0

[Event "English Schools Championship Final 2024"]
[Site "Nottingham University Kings Meadow Campus, United Kingdom"]
[Date "2024.06.28"]
[Round "4.32"]
[White "McGuigan-Lazo, Leon"]
[Black "Hill, Charlie"]
[Result "0-1"]
[TimeControl "G50' + 10\" per move."]
[BlackFideId "343401791"]
[WhiteElo "1712"]
[BlackElo "1688"]

1. d4 {[%clk 00:50:16]} {[%emt 00:00:05]} Nf6 {[%clk 00:50:19]} 2. e3 {[%clk
00:50:09]} {[%emt 00:00:18]} d5 {[%clk 00:49:36]} {[%emt 00:00:52]} 3. Bd3
{[%clk 00:50:03]} {[%emt 00:00:14]} c5 {[%clk 00:47:58]} {[%emt 00:01:50]} 4.
c3 {[%clk 00:50:07]} {[%emt 00:00:07]} Nc6 {[%clk 00:47:52]} {[%emt 00:00:15]}
5. Nd2 {[%clk 00:49:32]} {[%emt 00:00:44]} Bg4 {[%clk 00:45:27]} {[%emt
00:02:35]} 6. f3 {[%clk 00:49:02]} {[%emt 00:00:42]} Bh5 {[%clk 00:45:24]}
{[%emt 00:00:12]} 7. Ne2 {[%clk 00:48:40]} {[%emt 00:00:32]} e6 {[%clk
00:43:43]} {[%emt 00:01:52]} 8. O-O {[%clk 00:47:05]} {[%emt 00:01:45]} c4
{[%clk 00:42:44]} {[%emt 00:01:09]} 9. Bc2 {[%clk 00:46:33]} {[%emt 00:00:41]}
b5 {[%clk 00:42:44]} {[%emt 00:00:09]} 10. Ng3 {[%clk 00:46:05]} {[%emt
00:00:39]} Bg6 {[%clk 00:42:35]} {[%emt 00:00:19]} 11. f4 {[%clk 00:46:08]}
{[%emt 00:00:07]} Bxc2 {[%clk 00:40:05]} {[%emt 00:02:40]} 12. Qxc2 {[%clk
00:46:09]} {[%emt 00:00:08]} g6 {[%clk 00:37:14]} {[%emt 00:03:02]} 13. Nf3
{[%clk 00:45:03]} {[%emt 00:01:16]} Bd6 {[%clk 00:34:44]} {[%emt 00:02:41]} 14.
Ne5 {[%clk 00:42:12]} {[%emt 00:03:00]} Qb6 {[%clk 00:32:59]} {[%emt 00:01:54]}
15. Kh1 {[%clk 00:39:29]} {[%emt 00:02:55]} a5 {[%clk 00:32:10]} {[%emt
00:00:58]} 16. e4 {[%clk 00:39:06]} {[%emt 00:00:33]} dxe4 {[%clk 00:18:41]}
{[%emt 00:13:39]} 17. Nxe4 {[%clk 00:38:59]} {[%emt 00:00:17]} Nxe4 {[%clk
00:15:22]} {[%emt 00:03:29]} 18. Qxe4 {[%clk 00:38:58]} {[%emt 00:00:11]} Ra6
{[%clk 00:14:27]} {[%emt 00:01:05]} 19. d5 {[%clk 00:35:04]} {[%emt 00:04:04]}
exd5 {[%clk 00:10:12]} {[%emt 00:04:24]} 20. Qxd5 {[%clk 00:34:49]} {[%emt
00:00:26]} Nd8 {[%clk 00:08:19]} {[%emt 00:02:02]} 21. f5 {[%clk 00:31:58]}
{[%emt 00:03:02]} Qc5 {[%clk 00:04:59]} {[%emt 00:03:30]} 22. Qxc5 {[%clk
00:31:27]} {[%emt 00:00:42]} Bxc5 {[%clk 00:05:02]} {[%emt 00:00:06]} 23. fxg6
{[%clk 00:30:02]} {[%emt 00:01:35]} hxg6 {[%clk 00:04:05]} {[%emt 00:01:07]} 24.
Bg5 {[%clk 00:29:34]} {[%emt 00:00:38]} Rh5 {[%clk 00:00:33]} {[%emt 00:03:43]}
25. Rae1 {[%clk 00:28:03]} {[%emt 00:01:40]} Ne6 {[%clk 00:00:24]} {[%emt
00:00:19]} 26. Nxf7 {[%clk 00:27:51]} {[%emt 00:00:22]} Kd7 {[%clk 00:00:22]}
{[%emt 00:00:12]} 27. Rf6 {[%clk 00:26:13]} {[%emt 00:01:47]} Nc7 {[%clk
00:00:15]} {[%emt 00:00:18]} 28. Re5 {[%clk 00:21:03]} {[%emt 00:05:19]} Bd6
{[%clk 00:00:14]} {[%emt 00:00:12]} 29. Nxd6 {[%clk 00:18:56]} {[%emt
00:02:17]} Rxd6 {[%clk 00:00:22]} {[%emt 00:00:02]} 30. g4 {[%clk 00:17:55]}
{[%emt 00:01:11]} Rh3 {[%clk 00:00:19]} {[%emt 00:00:14]} 31. Rf7+ {[%clk
00:17:19]} {[%emt 00:00:45]} Kc6 {[%clk 00:00:21]} {[%emt 00:00:08]} 32. Re3
{[%clk 00:13:06]} {[%emt 00:04:22]} Rh8 {[%clk 00:00:18]} {[%emt 00:00:14]} 33.
Bf4 {[%clk 00:11:55]} {[%emt 00:01:21]} Nd5 {[%clk 00:00:12]} {[%emt 00:00:16]}
34. Rf3 {[%clk 00:10:23]} {[%emt 00:01:42]} Re6 {[%clk 00:00:14]} {[%emt
00:00:08]} 35. Bd2 {[%clk 00:10:09]} {[%emt 00:00:23]} Rhe8 {[%clk 00:00:20]}
{[%emt 00:00:04]} 36. Rf2 {[%clk 00:09:16]} {[%emt 00:01:04]} Re4 {[%clk
00:00:26]} {[%emt 00:00:04]} 37. Kg2 {[%clk 00:08:45]} {[%emt 00:00:40]} Rxg4+
{[%clk 00:00:33]} {[%emt 00:00:03]} 38. Kh3 {[%clk 00:08:02]} {[%emt 00:00:53]}
Ree4 {[%clk 00:00:34]} {[%emt 00:00:10]} 39. Rg2 {[%clk 00:06:48]} {[%emt
00:01:25]} Rh4+ {[%clk 00:00:39]} {[%emt 00:00:04]} 40. Kg3 {[%clk 00:06:56]}
{[%emt 00:00:02]} Rh5 {[%clk 00:00:36]} {[%emt 00:00:13]} 41. Kf3 {[%clk
00:06:27]} {[%emt 00:00:38]} Re6 {[%clk 00:00:40]} {[%emt 00:00:06]} 42. Re2
{[%clk 00:05:14]} {[%emt 00:01:23]} Rh3+ {[%clk 00:00:44]} {[%emt 00:00:06]}
0-1

[Event "English Schools Championship Final 2024"]
[Site "Nottingham University Kings Meadow Campus, United Kingdom"]
[Date "2024.06.28"]
[Round "4.33"]
[White "Dong, Vincent"]
[Black "Wen, Marlon"]
[Result "0-1"]
[TimeControl "G50' + 10\" per move."]
[WhiteElo "1621"]
[BlackElo "1637"]

1. e4 {[%clk 00:50:18]} {[%emt 00:00:02]} c5 {[%clk 00:50:18]} {[%emt
00:00:02]} 2. Nf3 {[%clk 00:50:20]} {[%emt 00:00:08]} d6 {[%clk 00:50:23]}
{[%emt 00:00:06]} 3. Bb5+ {[%clk 00:50:17]} {[%emt 00:00:13]} Bd7 {[%clk
00:50:25]} {[%emt 00:00:08]} 4. Bxd7+ {[%clk 00:50:22]} {[%emt 00:00:05]} Qxd7
{[%clk 00:50:28]} {[%emt 00:00:07]} 5. O-O {[%clk 00:50:25]} {[%emt 00:00:07]}
Nf6 {[%clk 00:50:33]} {[%emt 00:00:05]} 6. Re1 {[%clk 00:50:30]} {[%emt
00:00:05]} Nc6 {[%clk 00:50:24]} {[%emt 00:00:19]} 7. c3 {[%clk 00:49:24]}
{[%emt 00:01:16]} g6 {[%clk 00:43:59]} {[%emt 00:06:35]} 8. d4 {[%clk
00:47:11]} {[%emt 00:02:23]} e5 {[%clk 00:39:15]} {[%emt 00:04:54]} 9. d5
{[%clk 00:44:07]} {[%emt 00:03:13]} Ne7 {[%clk 00:39:19]} {[%emt 00:00:07]} 10.
a4 {[%clk 00:41:20]} {[%emt 00:02:57]} Bg7 {[%clk 00:37:23]} {[%emt 00:02:05]}
11. Nbd2 {[%clk 00:39:27]} {[%emt 00:02:03]} O-O {[%clk 00:36:58]} {[%emt
00:00:36]} 12. Nc4 {[%clk 00:36:53]} {[%emt 00:02:44]} h6 {[%clk 00:35:54]}
{[%emt 00:01:14]} 13. Bd2 {[%clk 00:35:02]} {[%emt 00:02:01]} Kh7 {[%clk
00:31:57]} {[%emt 00:04:07]} 14. h3 {[%clk 00:27:58]} {[%emt 00:07:13]} Ne8
{[%clk 00:28:02]} {[%emt 00:04:06]} 15. Nh2 {[%clk 00:24:41]} {[%emt 00:03:27]}
f5 {[%clk 00:22:56]} {[%emt 00:05:17]} 16. f3 {[%clk 00:22:55]} {[%emt
00:01:55]} Nf6 {[%clk 00:22:01]} {[%emt 00:01:05]} 17. Qe2 {[%clk 00:19:42]}
{[%emt 00:03:23]} Nh5 {[%clk 00:21:04]} {[%emt 00:01:07]} 18. g4 {[%clk
00:14:54]} {[%emt 00:04:58]} fxg4 {[%clk 00:17:27]} {[%emt 00:03:47]} 19. fxg4
{[%clk 00:12:59]} {[%emt 00:02:05]} Nf4 {[%clk 00:17:00]} {[%emt 00:00:37]} 20.
Bxf4 {[%clk 00:12:32]} {[%emt 00:00:37]} Rxf4 {[%clk 00:17:01]} {[%emt
00:00:09]} 21. Rf1 {[%clk 00:10:35]} {[%emt 00:02:05]} Raf8 {[%clk 00:15:47]}
{[%emt 00:01:25]} 22. Rf3 {[%clk 00:07:44]} {[%emt 00:03:01]} Kg8 {[%clk
00:14:15]} {[%emt 00:01:43]} 23. b4 {[%clk 00:05:04]} {[%emt 00:02:50]} b6
{[%clk 00:14:01]} {[%emt 00:00:24]} 24. Nb2 {[%clk 00:04:57]} {[%emt 00:00:17]}
h5 {[%clk 00:13:11]} {[%emt 00:01:00]} 25. g5 {[%clk 00:03:32]} {[%emt
00:01:35]} Rxf3 {[%clk 00:13:03]} {[%emt 00:00:18]} 26. Nxf3 {[%clk 00:03:28]}
{[%emt 00:00:13]} Qxh3 {[%clk 00:13:09]} {[%emt 00:00:04]} 27. Rf1 {[%clk
00:02:58]} {[%emt 00:00:40]} Rf4 {[%clk 00:11:48]} {[%emt 00:01:31]} 28. Rf2
{[%clk 00:02:12]} {[%emt 00:00:56]} Qg4+ {[%clk 00:10:29]} {[%emt 00:01:29]} 29.
Kh1 {[%clk 00:01:27]} {[%emt 00:00:56]} Rxe4 {[%clk 00:10:13]} {[%emt
00:00:26]} 30. Qf1 {[%clk 00:00:32]} {[%emt 00:01:04]} Nf5 {[%clk 00:05:58]}
{[%emt 00:04:25]} 31. Rg2 {[%clk 00:00:14]} {[%emt 00:00:30]} Ng3+ {[%clk
00:03:34]} {[%emt 00:02:33]} 32. Rxg3 {[%clk 00:00:14]} {[%emt 00:00:10]} Qxg3
{[%clk 00:03:42]} {[%emt 00:00:02]} 33. Nd3 {[%clk 00:00:11]} {[%emt 00:00:13]}
c4 {[%clk 00:03:32]} {[%emt 00:00:21]} 34. Nc1 {[%clk 00:00:13]} {[%emt
00:00:08]} Rf4 {[%clk 00:03:21]} {[%emt 00:00:20]} 35. Ne2 {[%clk 00:00:16]}
{[%emt 00:00:07]} Qxf3+ {[%clk 00:03:22]} {[%emt 00:00:09]} 36. Qxf3 {[%clk
00:00:20]} {[%emt 00:00:06]} Rxf3 {[%clk 00:03:30]} {[%emt 00:00:02]} 0-1

[Event "English Schools Championship Final 2024"]
[Site "Nottingham University Kings Meadow Campus, United Kingdom"]
[Date "2024.06.28"]
[Round "4.34"]
[White "Walsh, Zac"]
[Black "McDonald Mupinyuri, Tj"]
[Result "0-1"]
[TimeControl "G50' + 10\" per move."]
[WhiteElo "1617"]
[BlackElo "1817"]

1. d4 {[%clk 00:50:17]} {[%emt 00:00:03]} e6 {[%clk 00:50:12]} {[%emt
00:00:08]} 2. Bf4 {[%clk 00:50:16]} {[%emt 00:00:10]} f5 {[%clk 00:50:03]}
{[%emt 00:00:19]} 3. h3 {[%clk 00:49:39]} {[%emt 00:00:48]} Nf6 {[%clk
00:49:56]} {[%emt 00:00:17]} 4. Nf3 {[%clk 00:49:06]} {[%emt 00:00:42]} b6
{[%clk 00:48:52]} {[%emt 00:01:14]} 5. e3 {[%clk 00:48:48]} {[%emt 00:00:28]}
Bb7 {[%clk 00:48:47]} {[%emt 00:00:16]} 6. Nbd2 {[%clk 00:48:21]} {[%emt
00:00:36]} d6 {[%clk 00:47:39]} {[%emt 00:01:18]} 7. c3 {[%clk 00:48:00]}
{[%emt 00:00:32]} Be7 {[%clk 00:47:37]} {[%emt 00:00:12]} 8. Bd3 {[%clk
00:47:38]} {[%emt 00:00:32]} Nbd7 {[%clk 00:46:46]} {[%emt 00:01:01]} 9. Qc2
{[%clk 00:47:36]} {[%emt 00:00:12]} d5 {[%clk 00:44:36]} {[%emt 00:02:20]} 10.
Ne5 {[%clk 00:46:33]} {[%emt 00:01:13]} Nxe5 {[%clk 00:43:24]} {[%emt
00:01:22]} 11. Bxe5 {[%clk 00:45:18]} {[%emt 00:01:23]} Bd6 {[%clk 00:41:51]}
{[%emt 00:01:44]} 12. Bxd6 {[%clk 00:43:48]} {[%emt 00:01:39]} Qxd6 {[%clk
00:41:48]} {[%emt 00:00:15]} 13. g4 {[%clk 00:41:35]} {[%emt 00:02:23]} g6
{[%clk 00:38:19]} {[%emt 00:03:39]} 14. O-O-O {[%clk 00:40:24]} {[%emt
00:01:21]} fxg4 {[%clk 00:37:37]} {[%emt 00:00:52]} 15. hxg4 {[%clk 00:40:23]}
{[%emt 00:00:09]} O-O-O {[%clk 00:34:12]} {[%emt 00:01:15]} 16. f3 {[%clk
00:40:05]} {[%emt 00:02:50]} Kb8 {[%clk 00:33:03]} {[%emt 00:01:19]} 17. e4
{[%clk 00:38:41]} {[%emt 00:01:34]} dxe4 {[%clk 00:32:17]} {[%emt 00:00:55]} 18.
Nxe4 {[%clk 00:35:21]} {[%emt 00:03:30]} Qf4+ {[%clk 00:29:42]} {[%emt
00:02:45]} 19. Qd2 {[%clk 00:28:08]} {[%emt 00:07:24]} Qxf3 {[%clk 00:24:20]}
{[%emt 00:05:32]} 20. Rhf1 {[%clk 00:25:59]} {[%emt 00:02:19]} Nxe4 {[%clk
00:21:27]} {[%emt 00:00:15]} 21. Rxf3 {[%clk 00:26:09]} Nxd2 {[%clk 00:21:15]}
{[%emt 00:03:08]} 22. Re3 {[%clk 00:25:59]} {[%emt 00:00:22]} Nf3 {[%clk
00:20:44]} {[%emt 00:00:41]} 0-1

[Event "English Schools Championship Final 2024"]
[Site "Nottingham University Kings Meadow Campus, United Kingdom"]
[Date "2024.06.28"]
[Round "4.35"]
[White "Rook, Todd"]
[Black "Misra, Samarth"]
[Result "0-1"]
[TimeControl "G50' + 10\" per move."]
[BlackFideId "343441696"]
[WhiteElo "1643"]
[BlackElo "1508"]

1. e4 {[%clk 00:50:18]} {[%emt 00:00:01]} e5 {[%clk 00:49:56]} {[%emt
00:00:24]} 2. Nf3 {[%clk 00:50:24]} {[%emt 00:00:05]} Nc6 {[%clk 00:49:59]}
{[%emt 00:00:07]} 3. d4 {[%clk 00:50:27]} {[%emt 00:00:06]} exd4 {[%clk
00:49:58]} {[%emt 00:00:11]} 4. Nxd4 {[%clk 00:50:30]} {[%emt 00:00:07]} Bc5
{[%clk 00:50:04]} {[%emt 00:00:05]} 5. Be3 {[%clk 00:50:29]} {[%emt 00:00:10]}
Qf6 {[%clk 00:50:07]} {[%emt 00:00:07]} 6. c3 {[%clk 00:50:29]} {[%emt
00:00:10]} Nge7 {[%clk 00:49:56]} {[%emt 00:00:21]} 7. Bc4 {[%clk 00:50:25]}
{[%emt 00:00:14]} d6 {[%clk 00:49:16]} {[%emt 00:00:50]} 8. Bb3 {[%clk
00:49:35]} {[%emt 00:01:01]} Na5 {[%clk 00:48:46]} {[%emt 00:00:39]} 9. Qd3
{[%clk 00:47:29]} {[%emt 00:02:15]} Nxb3 {[%clk 00:48:07]} {[%emt 00:00:50]} 10.
axb3 {[%clk 00:47:06]} {[%emt 00:00:33]} O-O {[%clk 00:47:50]} {[%emt
00:00:27]} 11. O-O {[%clk 00:45:59]} {[%emt 00:01:17]} Qg6 {[%clk 00:46:46]}
{[%emt 00:01:14]} 12. Kh1 {[%clk 00:43:49]} {[%emt 00:02:20]} a5 {[%clk
00:44:13]} {[%emt 00:02:43]} 13. b4 {[%clk 00:41:24]} {[%emt 00:02:36]} Bxd4
{[%clk 00:42:37]} {[%emt 00:01:46]} 14. Bxd4 {[%clk 00:39:18]} {[%emt
00:02:15]} b6 {[%clk 00:42:13]} {[%emt 00:00:34]} 15. Qe3 {[%clk 00:36:36]}
{[%emt 00:02:51]} Bb7 {[%clk 00:41:49]} {[%emt 00:00:36]} 16. Nd2 {[%clk
00:35:17]} {[%emt 00:01:28]} f5 {[%clk 00:40:10]} {[%emt 00:01:49]} 17. Qe2
{[%clk 00:31:03]} {[%emt 00:04:24]} fxe4 {[%clk 00:39:22]} {[%emt 00:00:58]} 18.
Qc4+ {[%clk 00:28:07]} {[%emt 00:03:06]} Bd5 {[%clk 00:37:49]} {[%emt
00:01:43]} 19. Qxc7 {[%clk 00:28:00]} {[%emt 00:00:18]} e3 {[%clk 00:37:28]}
{[%emt 00:00:31]} 20. Nf3 {[%clk 00:27:50]} {[%emt 00:00:19]} Rxf3 {[%clk
00:36:18]} {[%emt 00:01:20]} 21. Bxe3 {[%clk 00:24:55]} {[%emt 00:03:05]} Rxe3
{[%clk 00:34:39]} {[%emt 00:01:50]} 0-1